Výlet do Demänovských jaskýň /

Hlavní autor: Lenko, Július, 1914-2000
Jazyk: Slovenština
Vydáno: Bratislava : Slovenské nakladateľstvo detskej knihy, 1956
Fyzický popis: 47 s. , příl.
Knihy
Uloženo v:
LEADER 00686nam a22002052a 4500
001 000360652
003 CZ BrMZK
005 20150325095954.0
007 ta
008 020712s1956 xo o er|||||||||||slo d
040 |a BOA001  |b cze 
100 1 |a Lenko, Július,  |d 1914-2000  |7 jo20000074078  |4 aut 
245 1 0 |a Výlet do Demänovských jaskýň /  |c Július Lenko ; fotografie V. Benického 
260 |a Bratislava :  |b Slovenské nakladateľstvo detskej knihy,  |c 1956 
300 |a 47 s. , příl. 
521 8 |a Pro čtenáře od 9 let 
910 |a BOA001  |b 2-0353.301 
990 |a BK 
991 |b 201503 
996 6 |b 2619828510  |c 2-0353.301  |l MZK  |r Sklad / do 24 hodin  |n 0  |w 000360652  |u 000010  |a 1  |e BOA001  |j MZK50  |s P